00799cam a2200253 4500001001300000003000400013005001700017008004100034010001700075025002000092040001800112050002200130082001100152111007000163245006900233260005700302300001800359350000900377500004600386650001400432700005300446710002900499999001700528sa 68014726 DLC20260227112634.0700212s1968 ii 100 0 eng  asa 68014726  aPL480:I-E-10843 aDLCcDLCdDLC00aQ180.5b.S44 196800a507/.22 aSeminar on Research Methodology,cSardar Patel University,d1968.10aResearch methodology;ba symposium.cDirector: R. L. Khandelwal. aVallabh Vidyanagar,bSardar Patel University,c1968. a91 p.c25 cm. a4.00 aOrganized by the Sardar Patel University. 0aResearch.1 aKhaṇḍelavāla, Rāmeśvara Lāla,d1919-2 aSardar Patel University. c86000d86000